| 000 | 00586nam a22001577a 4500 | ||
|---|---|---|---|
| 003 | OSt | ||
| 005 | 20150914155326.0 | ||
| 008 | 150914b xxu||||| |||| 00| 0 eng d | ||
| 040 | _cRUA | ||
| 082 | _aAGR NGY 2000 B026 Or.1 | ||
| 100 |
_9472 _aNGY SOCHEAT |
||
| 245 | _aSmall-scale sugar cane production in the border of svay rieng province ផលិតកម្មអំពៅជាលក្ខណៈគ្រួសារនៅតំបន់ទល់ដែល ខេត្តសា្វយរៀង | ||
| 260 |
_aPhnom Penh _bRUA _c2000 |
||
| 300 |
_a47p. _bill. _c29cm. |
||
| 942 |
_2ddc _cAGR |
||
| 999 |
_c449 _d449 |
||